000
00220nam a22000977a 4500
999
_c
16282
_d
16282
003
OSt
008
200717b ||||| |||| 00| 0 eng d
100
_a
Radhakrishnan
_9
4670
245
_a
Indian economic Problems
942
_c
BK